20 zufällige Charaktere nach Bildern - Pokémon - Statistiken

Allgemein
  • Dieses Quiz wurde 44 mal gespielt
  • Das Durchschnittsergebnis liegt bei 7 aus 20
Antwortstatistiken
Bildquiz Antwort % Korrekt
Ash Ketchum
100%
Giovanni
100%
Officer Rocky
100%
Professor Eich
100%
Rocko
100%
Gary Eich
80%
Jessie
80%
Maike
75%
Schwester Joy
75%
J
71%
James
67%
Misty
67%
Lucia
63%
Max
63%
Lamina
60%
Cassidy
50%
Cynthia
50%
Paul
50%
Professor Lind
50%
Silvana
50%
Professor Birk
43%
Wassili
43%
Tracey Sketchit
40%
Richie
33%
Veit
29%
Professor Eibe
25%
Marinus
20%
Butch
17%
Norman
17%
Hilda
14%
Barry
13%
Flint
11%
Caroline
0%
Conway
0%
Delia Ketchum
0%
Drew
0%
Harley
0%
Katrin
0%
Kenny
0%
Lilian Meridian
0%
Marian
0%
Mister Sukizoo
0%
Morrison
0%
Nando
0%
Professor Namba
0%
Professor Westwood
0%
Raoul Contesta
0%
Reggie
0%
Rhonda
0%
Scott
0%
Vivian Meridian
0%
Zoey
0%
Keine übereinstimmenden Quizze gefunden
Verteilung der Resultate
Anzahl Personen mit jedem Resultat
Perzentil nach korrekt beantworteten Fragen
Ihre Resultats-Entwicklung
Sie haben dieses Quiz noch nicht gespielt